000 00397nam a2200145 i 4500
001 90036
003 ES-MaACL
005 20230906180330.0
007 t|
008 050117s1912 xxu ||||1| eng d
100 1 _aLeets, Juan.
_971214
245 1 0 _aUnited States and Latin America
_b: Dollar Diplomacy /
_cJuan Leets.
260 _aNew Orleans :
_b[s.n.],
_c1912.
852 _aES-MaACL
_jT-1333-F-7
999 _c90036
_d90036